000 00700nam a22001817a 4500
003 BD-DhUL
005 20160907152944.0
008 160907s1998 bg ||||| |||| 00| 0 ben
040 _aBD-DhUL
_cBD-DhUL
082 _a959.103
_bISI
100 1 _aইসলাম, মো: সিরাজুল
245 _aইঙ্গ-বর্মী সম্পর্ক (১৬৪৭-১৮৮৫) /
_cমো: সিরাজুল ইসলাম
260 _aঢাকা :
_bবাংলাএকাডেমী,
_c১৯৯৮.
300 _a [১৪], ১৯০ পৃ. ;
_c২২ সেমি.
651 0 _aবার্মা
_x ইতিহাস
651 0 _aBarma
_xHistory
942 _2ddc
_cBK
999 _c104653
_d104653